हिन्दी साहित्य कोश (Record no. 116496)
[ view plain ]
| 000 -LEADER | |
|---|---|
| fixed length control field | 01073nam a2200265Ia 4500 |
| 003 - CONTROL NUMBER IDENTIFIER | |
| control field | OSt |
| 005 - DATE AND TIME OF LATEST TRANSACTION | |
| control field | 20220918111023.0 |
| 008 - FIXED-LENGTH DATA ELEMENTS--GENERAL INFORMATION | |
| fixed length control field | 220915b |||||||| |||| 00| 0 hin d |
| 037 ## - SOURCE OF ACQUISITION | |
| Terms of availability | Reference Collections |
| 040 ## - CATALOGING SOURCE | |
| Original cataloging agency | ARTS |
| Transcribing agency | ARTS |
| Language of cataloging | hin |
| 041 ## - LANGUAGE CODE | |
| Source of code | hin |
| Language code of text/sound track or separate title | hin |
| 100 ## - MAIN ENTRY--PERSONAL NAME | |
| Personal name | वर्मा, धीरेन्द्र, (और अन्य), संपा. |
| 9 (RLIN) | 10472 |
| 245 #0 - TITLE STATEMENT | |
| Title | हिन्दी साहित्य कोश |
| 246 ## - VARYING FORM OF TITLE | |
| Title proper/short title | Hindī sāhitya kosha |
| 260 ## - PUBLICATION, DISTRIBUTION, ETC. | |
| Place of publication, distribution, etc. | वाराणसी |
| Name of publisher, distributor, etc. | ज्ञानमण्डल लिमिटेड भारत |
| Date of publication, distribution, etc. | 2005 |
| 490 ## - SERIES STATEMENT | |
| Volume/sequential designation | भाग - 1 |
| 650 ## - SUBJECT ADDED ENTRY--TOPICAL TERM | |
| Topical term or geographic name entry element | हिन्दी साहित्य |
| 942 ## - ADDED ENTRY ELEMENTS (KOHA) | |
| Classification part | O152k, K3;P5.1-.2 |
| Koha item type | Reference |
| Withdrawn status | Lost status | Damaged status | Not for loan | Home library | Current library | Date acquired | Source of acquisition | Cost, normal purchase price | Serial Enumeration / chronology | Total Checkouts | Full call number | Barcode | Date last seen | Cost, replacement price | Price effective from | Koha item type |
|---|---|---|---|---|---|---|---|---|---|---|---|---|---|---|---|---|
| Arts Library | Arts Library | 2022-09-18 | 307, 16/11/2011, Eastern Book Linkers | 800.00 | भाग - 1 | O152k K3;P5.1-.2 | AL0253295 | 2022-09-18 | 800.00 | 2022-09-18 | Reference |
